A flecha negra (Registo nº 10852)
[ vista simples ]
| 000 -Etiqueta do registo | |
|---|---|
| Valores | 00510nam a22001811i 4500 |
| 010 ## - Número ISBN | |
| ISBN | 8497895065 |
| 090 ## - | |
| -- | 10852 |
| 100 ## - Dados gerais de processamento | |
| Dados gerais | 20170304u u u0frey50 ba |
| 101 0# - Língua de publicação | |
| -- | por |
| 200 1# - Titulo e menção de responsabilidade | |
| Primeira menção de responsabilidade | Robert Louis Stevenson |
| Título próprio | A flecha negra |
| Informação de outro título | uma história das duas rosas |
| 210 ## - Publicação | |
| Nome do editor | Público |
| Local de publicação | Lisboa |
| Data de publicação | imp. 2004 |
| 215 ## - Descrição física | |
| Paginação / Volumes | 267, [7] p. |
| Dimensões | 22 cm |
| 225 2# - Colecção | |
| Título próprio da colecção | Geração público |
| Indicação de volume | 22 |
| 700 #1 - Autor principal (pessoa individual) | |
| Apelido | Stevenson |
| Nome | Robert Louis |
| -- | 070 |
| Datas | 1850-1894 |
| 702 #1 - Autor secundário (pessoa individual) | |
| Apelido | Silva |
| Nome | Manuel da |
| -- | 730 |
| 801 ## - Fonte de origem | |
| País | PT |
| Regras de catalogação | RPC |
| 990 ## - Elementos KOHA | |
| Tipo de documento | Livro |
| Situação do levantamento | Estado | Biblioteca de origem | Biblioteca de empréstimo | Código de barras | Cota | Permissão de empréstimo | Tipo de documento | Nota relativa ao exemplar |
|---|---|---|---|---|---|---|---|---|
| Completo | Biblioteca Municipal de Viana Do Alentejo | Biblioteca Municipal de Viana Do Alentejo | 0015377 | 82-93 STE | Disponível | Livro | 10-15 ANOS | |
| Completo | Biblioteca Municipal de Viana Do Alentejo | Biblioteca Municipal de Viana Do Alentejo Pólo Aguiar | 0020159 | 82-93 STE | Disponível | Livro | ||
| Completo | Biblioteca Municipal de Viana Do Alentejo | Biblioteca Municipal de Viana Do Alentejo Pólo Alcáçovas | 0003735AL | 82-93 STE | Disponível | Livro | 10-15 ANOS |